000 00620nam a2200193Ia 4500
005 20250508164929.0
008 008 250505s9999 xx 000 0 eng d
037 _aDissertations
040 _aFEDL
_beng
_cFEDL
041 _aeng
_2eng
084 _a420.7, LAL/DI
_qFEDL
100 _aLal Rodrick Rajive
_9775461
245 0 _aEffectiveness of task-analysis techniques in the designing of instructional units for teaching english to class nine
260 _c1994
300 _a74p.
546 _aM. Ed. Dissertation (Delhi University)
942 _cDIS
_h420.7, LAL/DI
999 _c1392094
_d1392094